[Event "22e tournoi d'automne"]
[Site "Montigny le Bretonneux"]
[Date "2024.10.23"]
[Round "5.6"]
[White "Rajewski, Alexandre"]
[Black "Couradin, Jean-Marie"]
[Result "0-1"]
[WhiteElo "1920"]
[BlackElo "1659"]
[Annotator "Rivier,Sylvain"]
[PlyCount "40"]
[EventDate "2024.??.??"]
[WhiteTeam "Villepreux Le Fou du Roi"]
[BlackTeam "La Dame Noire"]

{Partie du pion dame} 1. f4 d5 2. Nf3 Bg4 3. e3 Nf6 4. d4 Nbd7 5. Bd3 e6 6.
Nbd2 Bd6 7. O-O c6 8. Qe1 Qc7 9. Ne5 Bf5 10. Bxf5 exf5 11. c4 c5 12. cxd5 Nxd5
13. e4 fxe4 14. Nxd7 Qxd7 15. Nxe4 O-O 16. dxc5 Be7 17. Qd2 Qc6 18. b4 a5 19.
Rd1 Nxb4 20. Re1 Bxc5+ 0-1

[Event "22e tournoi d'automne"]
[Site "Montigny le Bretonneux"]
[Date "2024.10.23"]
[Round "5.7"]
[White "Forissier, Nicolas"]
[Black "Neveu, Raphael"]
[Result "1-0"]
[WhiteElo "1934"]
[BlackElo "1705"]
[Annotator "Rivier,Sylvain"]
[PlyCount "53"]
[EventDate "2024.??.??"]
[WhiteTeam "La Dame Noire"]
[BlackTeam "La Dame Noire"]

{Défense Grünfeld, variante Alekhine} 1. d4 Nf6 2. c4 g6 3. Nc3 d5 4. cxd5
Nxd5 5. e4 Nxc3 6. bxc3 Bg7 7. Bc4 c5 8. Be3 Nc6 9. Ne2 O-O 10. O-O Na5 11. Bd3
c4 12. Bc2 b6 13. f4 e6 14. f5 exf5 15. exf5 Re8 16. Qd2 Qe7 17. Rf3 Bb7 18.
Rg3 Be4 19. fxg6 Bxg6 20. Rf1 Rac8 21. Nf4 Qd6 22. h4 Bxc2 23. Qxc2 Kh8 24.
Rxg7 Kxg7 25. Nh5+ Kf8 26. Qxh7 Qd5 27. Bg5 1-0

[Event "22e tournoi d'automne"]
[Site "Montigny le Bretonneux"]
[Date "2024.10.23"]
[Round "5.8"]
[White "Benhadid, Jazzmine"]
[Black "Nguyen, Nguyen-Khoi"]
[Result "0-1"]
[WhiteElo "1723"]
[BlackElo "1858"]
[Annotator "Rivier,Sylvain"]
[PlyCount "120"]
[EventDate "2024.??.??"]
[WhiteTeam "C.E. de  Bois-Colombes"]
[BlackTeam "Club d'Echecs d'Orsay"]

{Défense sicilienne, variante Najdorf} 1. e4 c5 2. Nf3 d6 3. d4 cxd4 4. Nxd4
Nf6 5. Nc3 a6 6. Be2 e5 7. Nf3 Be6 8. O-O Be7 9. h3 h6 10. Be3 Nbd7 11. Qd2 b5
12. a3 Nb6 13. Rad1 Nc4 14. Qc1 Qc7 15. Bd2 Nxd2 16. Qxd2 O-O 17. Rfe1 Rfd8 18.
Bd3 Nh5 19. Bf1 Nf4 20. Ne2 g5 21. Kh2 d5 22. Nxf4 gxf4 23. exd5 e4 24. Qc1
Bxd5 25. Nd4 Bg5 26. f3 e3 27. Nf5 Qe5 28. Nd4 Bh4 29. Re2 Bc4 30. Nc6 Rxd1 31.
Qxd1 Qc7 32. Nb4 Bxe2 33. Bxe2 Rd8 34. Nd3 Qa5 35. c3 Bg3+ 36. Kh1 Qa4 37. Qc1
Qb3 38. Qb1 a5 39. Nc5 Qd5 40. Nd3 b4 41. axb4 axb4 42. cxb4 Qb3 43. Kg1 Rc8
44. Kf1 Qc2 45. Qxc2 Rxc2 46. b5 Rc8 47. Bd1 Kf8 48. Ke2 Ke7 49. Nb4 Rc5 50. b6
Rb5 51. Nd3 Rxb6 52. Kf1 Kd6 53. Ke2 Kd5 54. Kf1 Kd4 55. Ke2 Bh2 56. Bc2 Ra6
57. Bb3 Rg6 58. Ne1 Rb6 59. Bd1 Rxb2+ 60. Nc2+ Kc3 0-1

[Event "22e tournoi d'automne"]
[Site "Montigny le Bretonneux"]
[Date "2024.10.23"]
[Round "5.9"]
[White "Plantet, Marc"]
[Black "Tanchoux, Pierre"]
[Result "1-0"]
[WhiteElo "1839"]
[BlackElo "1527"]
[Annotator "Rivier,Sylvain"]
[PlyCount "77"]
[EventDate "2024.??.??"]
[WhiteTeam "La Dame Noire"]
[BlackTeam "La Dame Noire"]

{Ouverture irrégulière} 1. b4 e5 2. Bb2 Bxb4 3. f4 d6 4. Nf3 f6 5. e3 a6 6.
Bc4 exf4 7. c3 Bc5 8. d4 Ba7 9. e4 Qe7 10. Nbd2 Bf5 11. O-O Be6 12. Qb3 Bxc4
13. Nxc4 b6 14. Kh1 Nd7 15. e5 O-O-O 16. exd6 cxd6 17. Ba3 Nb8 18. Rfe1 Qf8 19.
Re6 Nh6 20. Nxd6+ Kd7 21. Nb5 Qf7 22. Qd5+ Kc8 23. Nd6+ Rxd6 24. Qxd6 Rd8 25.
Qe7 Qxe7 26. Rxe7 Rd7 27. Rae1 Nc6 28. Re8+ Kc7 29. R1e4 g5 30. h3 Nf5 31. R4e6
Rf7 32. Ra8 Kb7 33. Ree8 b5 34. Rf8 a5 35. Rxa7+ Kxa7 36. Rxf7+ Kb6 37. Bc5+
Ka6 38. d5 Ne5 39. Ra7# 1-0

[Event "22e tournoi d'automne"]
[Site "Montigny le Bretonneux"]
[Date "2024.10.23"]
[Round "5.10"]
[White "Salagnac, Sowan"]
[Black "Alami Messaoudi, Wissam"]
[Result "1/2-1/2"]
[WhiteElo "1299"]
[BlackElo "1783"]
[Annotator "Rivier,Sylvain"]
[PlyCount "126"]
[EventDate "2024.??.??"]
[WhiteTeam "Saint-Quentin en Yvelines"]
[BlackTeam "La Dame Noire"]

{Partie italienne} 1. e4 e5 2. Nf3 Nc6 3. Bc4 Nf6 4. d3 Bc5 5. O-O a6 6. Nc3 d6
7. Bg5 h6 8. Bh4 Nd4 9. Nxd4 Bxd4 10. Qf3 g5 11. Nd5 Nxd5 12. Bxd5 Qe7 13. Bg3
h5 14. c3 Bg4 15. Qxf7+ Qxf7 16. Bxf7+ Kxf7 17. h3 Be2 18. Rfe1 Bxf2+ 19. Bxf2
Bxd3 20. Re3 Bb5 21. Rf3+ Ke6 22. Rf5 g4 23. h4 Bd3 24. Re1 Bxe4 25. Rg5 Bf5
26. Rg7 Rh7 27. Rg5 Rf8 28. Bg3 Bd3 29. b3 Rf5 30. Rg8 Rhf7 31. Rh8 d5 32. Re8+
Kd7 33. R8xe5 Rf1+ 34. Rxf1 Rxf1+ 35. Kh2 Rf5 36. a3 Rxe5 37. Bxe5 c5 38. Kg3
Ke6 39. Kf4 b5 40. Bg7 Kf7 41. Be5 Ke6 42. Bh8 Bg6 43. Kg5 Be8 44. Kf4 a5 45.
Be5 b4 46. axb4 axb4 47. cxb4 cxb4 48. Bc7 d4 49. Ke4 Bc6+ 50. Kxd4 Bxg2 51.
Bg3 Kf5 52. Bd6 Bf3 53. Bxb4 g3 54. Be1 Kg4 55. Ke3 Bb7 56. b4 Kh3 57. Kf4 g2
58. Bf2 Kh2 59. Kg5 Bf3 60. b5 g1=Q+ 61. Bxg1+ Kxg1 62. b6 Kg2 63. b7 Bxb7
1/2-1/2

[Event "22e tournoi d'automne"]
[Site "Montigny le Bretonneux"]
[Date "2024.10.23"]
[Round "5.11"]
[White "Kunne, Ronald"]
[Black "Warin, Anouk"]
[Result "1-0"]
[WhiteElo "1769"]
[BlackElo "1497"]
[Annotator "Rivier,Sylvain"]
[PlyCount "24"]
[EventDate "2024.??.??"]
[WhiteTeam "Club d'Echecs d'Orsay"]
[BlackTeam "C.E. Fontenay le Fleury "]

{Défense française, variante Steinitz} 1. e4 e6 2. d4 d5 3. Nc3 Nf6 4. Qd3
Be7 5. e5 Nfd7 6. Qg3 O-O 7. Bh6 g6 8. Bxf8 Bxf8 9. h4 h5 10. Bd3 Kh7 11. Nh3
Nc5 12. Ng5+ Kh8 1-0

[Event "22e tournoi d'automne"]
[Site "Montigny le Bretonneux"]
[Date "2024.10.23"]
[Round "5.12"]
[White "Viot Le Henaff, Francois-Xavier"]
[Black "Fayolle, Guy"]
[Result "1-0"]
[WhiteElo "1605"]
[BlackElo "1733"]
[Annotator "Rivier,Sylvain"]
[PlyCount "53"]
[EventDate "2024.??.??"]
[WhiteTeam "Reims Echec et Mat"]
[BlackTeam "Saint-Quentin en Yvelines"]

{Défense est-indienne} 1. Nf3 Nf6 2. d4 g6 3. c4 Bg7 4. Nc3 O-O 5. e3 d6 6.
Be2 c6 7. O-O Nbd7 8. Qc2 Nb6 9. Rd1 d5 10. b3 Qc7 11. Ba3 Re8 12. Rac1 Bf5 13.
Bd3 Bg4 14. Qe2 e5 15. dxe5 Rxe5 16. h3 Bxf3 17. Qxf3 dxc4 18. Bxg6 Nfd5 19.
bxc4 Nxc4 20. Nxd5 cxd5 21. Bb2 hxg6 22. Bxe5 Nxe5 23. Rxc7 Nxf3+ 24. gxf3 b5
25. Rxd5 a6 26. Rdd7 Rf8 27. Ra7 1-0

[Event "22e tournoi d'automne"]
[Site "Montigny le Bretonneux"]
[Date "2024.10.23"]
[Round "5.13"]
[White "Imbert, Nicolas"]
[Black "Carroll, John"]
[Result "1/2-1/2"]
[WhiteElo "1662"]
[BlackElo "1754"]
[Annotator "Rivier,Sylvain"]
[PlyCount "180"]
[EventDate "2024.??.??"]
[WhiteTeam "Saint-Quentin en Yvelines"]
[BlackTeam "Club du Canal St-Martin Paris"]

{Partie du pion dame} 1. d4 d5 2. Bf4 Nf6 3. e3 c5 4. Nd2 Nc6 5. c3 Bg4 6. Ngf3
e6 7. h3 Bh5 8. Qb3 Qb6 9. Qxb6 axb6 10. Bc7 Nd7 11. Bb5 f6 12. O-O Be7 13. Bh2
O-O 14. e4 Bg6 15. exd5 exd5 16. Rfe1 Rfe8 17. Nh4 c4 18. Nxg6 hxg6 19. b3 cxb3
20. axb3 Kf7 21. Nf3 Ra5 22. Rxa5 bxa5 23. Ra1 Bd8 24. Kf1 Re7 25. g4 g5 26.
Bd3 Nf8 27. h4 Ne6 28. hxg5 Nxg5 29. Nxg5+ fxg5 30. Re1 Rxe1+ 31. Kxe1 Ne7 32.
Kd2 Ng6 33. Kc2 Nf4 34. Bf5 Ke7 35. f3 b5 36. Bg1 a4 37. bxa4 bxa4 38. Be3 Ba5
39. Bd2 Bc7 40. Kb2 Bd6 41. Bc2 a3+ 42. Ka2 Kf6 43. Ba4 Ke6 44. Bb5 Ke7 45. Bc1
Ke6 46. Bxa3 Bxa3 47. Kxa3 Kd6 48. Kb4 Ne6 49. Bd3 Nf4 50. Bf1 Ne6 51. Kb3 Nf4
52. c4 dxc4+ 53. Kxc4 Nd5 54. Kd3 Ke6 55. Ke2 Nf4+ 56. Ke3 Nd5+ 57. Kd2 Kd6 58.
Bc4 Nf6 59. Ke3 Kc6 60. Bd3 Kd5 61. Be4+ Kd6 62. Kd3 Ke6 63. Kc4 Kd6 64. d5 Nd7
65. Kd3 Nf6 66. Kd4 Nd7 67. Bf5 Nb6 68. Be6 Na4 69. Ke4 g6 70. Bf7 Nc3+ 71. Kd4
Ne2+ 72. Kc4 Nf4 73. Kd4 Ne2+ 74. Ke3 Nf4 75. Ke4 Ke7 76. Bxg6 Nxg6 77. Kf5 Nf4
78. Kxg5 Nxd5 79. f4 Nxf4 80. Kxf4 Kf6 81. g5+ Kg6 82. Kg4 Kg7 83. Kh5 Kh7 84.
g6+ Kg7 85. Kg5 Kg8 86. Kh5 Kg7 87. Kg5 Kg8 88. Kh4 Kg7 89. Kh5 Kg8 90. Kh6 Kh8
1/2-1/2

[Event "22e tournoi d'automne"]
[Site "Montigny le Bretonneux"]
[Date "2024.10.23"]
[Round "5.14"]
[White "Alm, Gilles"]
[Black "Poletto, Claude"]
[Result "1/2-1/2"]
[WhiteElo "1583"]
[BlackElo "1646"]
[Annotator "Rivier,Sylvain"]
[PlyCount "29"]
[EventDate "2024.??.??"]
[WhiteTeam "Mulhouse Philidor"]
[BlackTeam "Gambit Roi de Carrieres sur Seine"]

{Ouverture anglaise} 1. b3 Nf6 2. c4 e6 3. Nf3 d5 4. cxd5 exd5 5. e3 Bg4 6. Be2
Bd6 7. O-O O-O 8. Ba3 Bxa3 9. Nxa3 c5 10. d4 cxd4 11. Nxd4 Bxe2 12. Qxe2 a6 13.
Nac2 Nc6 14. b4 Nxd4 15. Nxd4 1/2-1/2

[Event "22e tournoi d'automne"]
[Site "Montigny le Bretonneux"]
[Date "2024.10.23"]
[Round "5.15"]
[White "Bouloc, Roger"]
[Black "Montay, Jean-Paul"]
[Result "1-0"]
[WhiteElo "1509"]
[BlackElo "1556"]
[Annotator "Rivier,Sylvain"]
[PlyCount "95"]
[EventDate "2024.??.??"]
[WhiteTeam "La Dame Noire"]
[BlackTeam "La Dame Noire"]

{Partie espagnole, défense berlinoise} 1. e4 e5 2. Nf3 Nc6 3. Bb5 Nf6 4. O-O
d6 5. Re1 Bg4 6. h3 Bxf3 7. Qxf3 Be7 8. c3 O-O 9. Bxc6 bxc6 10. d4 Re8 11. Na3
Qb8 12. Nc2 Qb5 13. b3 c5 14. dxc5 Qxc5 15. c4 a5 16. Be3 Qc6 17. Bd2 a4 18.
Bg5 axb3 19. axb3 Nd7 20. Bxe7 Rxe7 21. Nb4 Qb7 22. Rxa8+ Qxa8 23. Nd5 Qa5 24.
Nxe7+ Kf8 25. Ng6+ hxg6 26. Rc1 Qd2 27. Qd1 Qf4 28. f3 Nf6 29. Ra1 Nh5 30. Ra2
Qe3+ 31. Rf2 Nf4 32. b4 Nd3 33. Qe2 Qxf2+ 34. Qxf2 Nxf2 35. Kxf2 Ke7 36. Ke3 c6
37. h4 f5 38. f4 fxe4 39. fxe5 d5 40. cxd5 cxd5 41. b5 Ke6 42. b6 Kxe5 43. b7
d4+ 44. Ke2 d3+ 45. Ke3 d2 46. Kxd2 Kd4 47. b8=Q e3+ 48. Ke2 1-0

[Event "22e tournoi d'automne"]
[Site "Montigny le Bretonneux"]
[Date "2024.10.23"]
[Round "5.16"]
[White "Meddour, Ithri"]
[Black "Demeocq, Agathe"]
[Result "1-0"]
[WhiteElo "1531"]
[BlackElo "1299"]
[Annotator "Rivier,Sylvain"]
[PlyCount "139"]
[EventDate "2024.??.??"]
[WhiteTeam "Saint-Quentin en Yvelines"]
[BlackTeam "Geneston Sud Loire échecs"]

{Partie du pion dame} 1. Nf3 Nc6 2. d4 d5 3. g3 Bf5 4. c3 e6 5. Bf4 Bd6 6. Ne5
Qe7 7. Bg2 Nf6 8. Nd2 O-O 9. Ndf3 h6 10. O-O Rad8 11. Nh4 Bh7 12. Nxc6 bxc6 13.
Bxd6 cxd6 14. f4 Be4 15. Nf3 Rfe8 16. Qa4 Rc8 17. c4 dxc4 18. Qxc4 d5 19. Qc3
c5 20. Nd2 Bxg2 21. Kxg2 cxd4 22. Qxd4 Nh5 23. Rfe1 Qd6 24. e4 Red8 25. e5 Qc5
26. Qxc5 Rxc5 27. g4 Rc2 28. Re2 Rxb2 29. gxh5 Rxa2 30. Rf2 Rb2 31. Nf1 Rbb8
32. Ng3 Ra8 33. f5 a5 34. Raa2 d4 35. f6 gxf6 36. exf6 d3 37. Kf1 a4 38. Ke1 a3
39. Kd2 e5 40. Rf3 Ra4 41. Rxd3 Rxd3+ 42. Kxd3 Ra5 43. Ke4 Kf8 44. Nf5 Ke8 45.
Nxh6 Kd7 46. h3 Ke6 47. Ng4 Ra4+ 48. Kf3 Kf5 49. Kg3 e4 50. h6 Kg6 51. Kf4 Kh7
52. Nf2 Kxh6 53. Nxe4 Kh5 54. Ke5 Kh4 55. Nd6 Kxh3 56. Nxf7 Kh4 57. Ke6 Kh5 58.
Ne5 Kh6 59. Ke7 Ra7+ 60. Nd7 Kh7 61. f7 Kg7 62. f8=Q+ Kg6 63. Rxa3 Rxa3 64.
Qf6+ Kh5 65. Ne5 Ra7+ 66. Kf8 Rh7 67. Qg6+ Kh4 68. Qxh7+ Kg5 69. Qg7+ Kh4 70.
Qg4# 1-0

[Event "22e tournoi d'automne"]
[Site "Montigny le Bretonneux"]
[Date "2024.10.23"]
[Round "5.17"]
[White "Carbonero, Jean Marc"]
[Black "Ben Hamouda, Catherine"]
[Result "0-1"]
[WhiteElo "1399"]
[BlackElo "1469"]
[Annotator "Rivier,Sylvain"]
[PlyCount "50"]
[EventDate "2024.??.??"]
[WhiteTeam "La Dame Noire"]
[BlackTeam "C.E. Fontenay le Fleury "]

{Défense scandinave} 1. e4 d5 2. e5 c5 3. Bb5+ Nc6 4. d4 e6 5. Be3 Bd7 6. dxc5
Nxe5 7. Bxd7+ Nxd7 8. Nf3 Bxc5 9. Bxc5 Nxc5 10. O-O Nf6 11. b4 Nce4 12. a4 O-O
13. c4 dxc4 14. Qxd8 Rfxd8 15. a5 a6 16. h3 Rac8 17. Rc1 c3 18. Ne1 h6 19. Kh2
Nxf2 20. Nxc3 g5 21. Kg3 N2e4+ 22. Nxe4 Nxe4+ 23. Kg4 f5+ 24. Kh5 Kg7 25. Rcb1
Nf6# 0-1

[Event "22e tournoi d'automne"]
[Site "Montigny le Bretonneux"]
[Date "2024.10.24"]
[Round "6.1"]
[White "Fruchard, Cyrille"]
[Black "Tan, Jin Chew Andrew"]
[Result "1-0"]
[WhiteElo "2276"]
[BlackElo "1861"]
[Annotator "Rivier,Sylvain"]
[PlyCount "107"]
[EventDate "2024.??.??"]
[WhiteTeam "La Dame Noire"]

{Partie du pion dame} 1. d4 Nf6 2. Nf3 g6 3. Nbd2 d5 4. e3 Bg7 5. Be2 c5 6. O-O
cxd4 7. exd4 Nc6 8. c3 a5 9. a4 O-O 10. Re1 Qc7 11. Bb5 Bg4 12. h3 Bxf3 13.
Nxf3 Ne4 14. Bd3 Nf6 15. Bg5 Rfe8 16. Qd2 Nd7 17. Bb5 Qd6 18. Bf4 e5 19. Bg3
Re6 20. Rad1 Rae8 21. c4 R6e7 22. dxe5 Ndxe5 23. Bxe5 Bxe5 24. Bxc6 bxc6 25.
cxd5 cxd5 26. Qxa5 Bxb2 27. Rxe7 Qxe7 28. Re1 Qd8 29. Rxe8+ Qxe8 30. Qb5 Qxb5
31. axb5 Bf6 32. b6 Bd8 33. b7 Bc7 34. Nd4 Kg7 35. Nc6 Kf6 36. Kf1 h5 37. Ke2
g5 38. b8=Q Bxb8 39. Nxb8 Ke6 40. Nc6 f5 41. Kd3 Kd6 42. Nd4 f4 43. Nf3 g4 44.
hxg4 hxg4 45. Nh2 g3 46. fxg3 fxg3 47. Nf1 Ke5 48. Nxg3 Kf4 49. Ne2+ Ke5 50.
Ke3 Kf5 51. Kd4 Ke6 52. g3 Kf5 53. Kxd5 Kg4 54. Ke4 1-0

[Event "22e tournoi d'automne"]
[Site "Montigny le Bretonneux"]
[Date "2024.10.24"]
[Round "6.2"]
[White "Gouanelle, Franck"]
[Black "Loiret, Stanislas"]
[Result "0-1"]
[WhiteElo "2033"]
[BlackElo "2153"]
[Annotator "Rivier,Sylvain"]
[PlyCount "138"]
[EventDate "2024.??.??"]
[WhiteTeam "C.E. de Rueil Malmaison"]
[BlackTeam "Bayard Monge Echecs"]

{Ouverture du pion dame, défense est-indienne avec fianchetto} 1. d4 Nf6 2.
Nf3 d6 3. g3 g6 4. Bg2 Bg7 5. O-O O-O 6. b3 e5 7. dxe5 Ng4 8. Bb2 Nc6 9. Qc1
Ngxe5 10. c4 Nxf3+ 11. exf3 Nd4 12. Kh1 Re8 13. Nc3 Bd7 14. Rd1 c5 15. Qd2 Bc6
16. Qd3 Qd7 17. Rab1 Re7 18. Kg1 Rae8 19. Kf1 a5 20. Bc1 Nxf3 21. Bf4 Nd4 22.
Nd5 Bxd5 23. cxd5 Re2 24. a4 b5 25. axb5 Qxb5 26. Qxb5 Nxb5 27. Re1 Rxe1+ 28.
Rxe1 Rxe1+ 29. Kxe1 Be5 30. Be3 Kf8 31. Bf1 Bc3+ 32. Kd1 Nd4 33. Bxd4 Bxd4 34.
f3 Ke7 35. Bc4 Kf6 36. Ke2 Ke5 37. h3 h5 38. f4+ Kf6 39. Kf3 Bc3 40. g4 hxg4+
41. hxg4 g5 42. Ke4 gxf4 43. Kxf4 Bd2+ 44. Ke4 Kg5 45. Kf3 Bc1 46. Bb5 f5 47.
gxf5 Kxf5 48. Ke2 Ke4 49. Kd1 Bg5 50. Bc4 Kd4 51. Kc2 a4 52. Kb2 Bd2 53. Ka3
axb3 54. Kxb3 Ba5 55. Bb5 Kxd5 56. Ba6 Kd4 57. Bb5 d5 58. Kc2 c4 59. Bc6 Kc5
60. Be8 d4 61. Bg6 Kd6 62. Bh7 Ke5 63. Bg6 Kf4 64. Bf7 d3+ 65. Kd1 c3 66. Bb3
Ke3 67. Ba4 Bb4 68. Bb3 Ba3 69. Ba4 Kd4 0-1

[Event "22e tournoi d'automne"]
[Site "Montigny le Bretonneux"]
[Date "2024.10.24"]
[Round "6.3"]
[White "Divies, Renaud"]
[Black "Martin-Breteau, Paul"]
[Result "0-1"]
[WhiteElo "1929"]
[BlackElo "1884"]
[Annotator "Rivier,Sylvain"]
[PlyCount "72"]
[EventDate "2024.??.??"]
[WhiteTeam "Club d'Echecs du Vesinet"]
[BlackTeam "GIF-CC2-Echecs"]

{Ouverture anglaise, variante Botvinnik} 1. c4 c5 2. Nc3 Nc6 3. g3 g6 4. Bg2
Bg7 5. f4 d6 6. Nf3 e6 7. O-O Nge7 8. e4 Nd4 9. d3 O-O 10. Be3 Nec6 11. Rb1 a6
12. Ne2 Rb8 13. Nfxd4 Nxd4 14. Nxd4 cxd4 15. Bd2 b5 16. g4 bxc4 17. dxc4 f5 18.
exf5 exf5 19. Bd5+ Kh8 20. g5 Bb7 21. Qf3 Qc7 22. b4 Rfe8 23. Rfe1 Bxd5 24.
Qxd5 d3 25. Qxd3 Qb6+ 26. Kg2 h5 27. Qd5 Kh7 28. a4 h4 29. a5 h3+ 30. Kg3 Qc7
31. Rxe8 Rxe8 32. Re1 Rxe1 33. Bxe1 Qe7 34. Qd2 Qe4 35. c5 Bc3 36. Qa2 Bxe1+
0-1

[Event "22e tournoi d'automne"]
[Site "Montigny le Bretonneux"]
[Date "2024.10.24"]
[Round "6.4"]
[White "Couradin, Jean-Marie"]
[Black "Duget, Long Jc"]
[Result "1-0"]
[WhiteElo "1659"]
[BlackElo "1792"]
[Annotator "Rivier,Sylvain"]
[PlyCount "73"]
[EventDate "2024.??.??"]
[WhiteTeam "La Dame Noire"]
[BlackTeam "C.E. Fontenay le Fleury "]

{Ouverture Bird} 1. f4 e6 2. Nf3 d5 3. e3 Nf6 4. b3 Nbd7 5. Bb2 b6 6. Bb5 Be7
7. Ne5 O-O 8. Nc6 Qe8 9. Nxe7+ Qxe7 10. Bc6 Ba6 11. Ba3 Qe8 12. Bxf8 Nxf8 13.
Bxa8 Qxa8 14. d3 c5 15. Nd2 Ng6 16. O-O Bb7 17. Nf3 Ng4 18. Qe2 Qb8 19. h3 Nh6
20. g4 f6 21. Qh2 Qd8 22. Rae1 Nf7 23. Rf2 e5 24. fxe5 Nfxe5 25. Nxe5 Nxe5 26.
Qf4 Ng6 27. Qg3 h6 28. h4 Bc8 29. Rg2 Qd7 30. Rf1 Nh8 31. g5 hxg5 32. hxg5 Qh3
33. gxf6 Qxg3 34. Rxg3 g6 35. f7+ Kf8 36. Rf6 Bf5 37. Rxf5 1-0

[Event "22e tournoi d'automne"]
[Site "Montigny le Bretonneux"]
[Date "2024.10.24"]
[Round "6.5"]
[White "Plantet, Marc"]
[Black "Forissier, Nicolas"]
[Result "0-1"]
[WhiteElo "1839"]
[BlackElo "1934"]
[Annotator "Rivier,Sylvain"]
[PlyCount "64"]
[EventDate "2024.??.??"]
[WhiteTeam "La Dame Noire"]
[BlackTeam "La Dame Noire"]

{Partie du pion dame} 1. d4 Nf6 2. Nc3 d5 3. Bf4 e6 4. e3 c5 5. Nb5 Na6 6. Nf3
Qb6 7. Ne5 Nd7 8. a4 Nxe5 9. Bxe5 Bd7 10. a5 Qd8 11. Nd6+ Bxd6 12. Bxd6 c4 13.
Qg4 Rg8 14. Be5 Nb4 15. Kd2 Nc6 16. Qg3 f6 17. Bc7 Qc8 18. Bd6 Ne7 19. Qh4 h6
20. Bc5 b6 21. Bb4 bxa5 22. Rxa5 Qb7 23. Bc3 Nf5 24. Qh5+ Ke7 25. Qf3 Nd6 26.
Ra3 a5 27. Be2 Ne4+ 28. Kc1 Rgb8 29. Ra1 a4 30. Qg4 Kf8 31. Qf4 a3 32. Rb1 Nxc3
0-1

[Event "22e tournoi d'automne"]
[Site "Montigny le Bretonneux"]
[Date "2024.10.24"]
[Round "6.6"]
[White "Nguyen, Nguyen-Khoi"]
[Black "Delage, Charles"]
[Result "1/2-1/2"]
[WhiteElo "1858"]
[BlackElo "1749"]
[Annotator "Rivier,Sylvain"]
[PlyCount "65"]
[EventDate "2024.??.??"]
[WhiteTeam "Club d'Echecs d'Orsay"]
[BlackTeam "GIF-CC2-Echecs"]

{Gambit dame, défense slave, variante tchèque} 1. d4 d5 2. c4 c6 3. Nf3 Nf6
4. Nc3 dxc4 5. a4 Bf5 6. g3 e6 7. Bg2 Nbd7 8. Nd2 Qc7 9. Nxc4 Nb6 10. Bf4 Qd8
11. Na5 Qd7 12. e4 Bg6 13. Nb3 Bb4 14. a5 Nc4 15. Qe2 Na3 16. Rxa3 Bxa3 17.
bxa3 O-O 18. O-O Qe7 19. Qb2 b6 20. Nd2 Rfd8 21. e5 Nd5 22. Nce4 bxa5 23. Rc1
Rab8 24. Qa2 Nxf4 25. gxf4 Qh4 26. f5 Bxf5 27. Nd6 Bh3 28. Be4 Qg5+ 29. Kh1 Qf4
30. Rc3 Qg4 31. Rg3 Qd1+ 32. Rg1 Qe2 33. Qc2 1/2-1/2

[Event "22e tournoi d'automne"]
[Site "Montigny le Bretonneux"]
[Date "2024.10.24"]
[Round "6.7"]
[White "Sacher, Arthur"]
[Black "Kunne, Ronald"]
[Result "0-1"]
[WhiteElo "1751"]
[BlackElo "1769"]
[Annotator "Rivier,Sylvain"]
[PlyCount "95"]
[EventDate "2024.??.??"]
[WhiteTeam "Club d'Echecs du Vesinet"]
[BlackTeam "Club d'Echecs d'Orsay"]

{Partie du pion dame} 1. d4 d5 2. Nc3 Nf6 3. Bf4 c5 4. e4 Nxe4 5. Nxe4 dxe4 6.
dxc5 Qxd1+ 7. Rxd1 Bg4 8. Be2 Bxe2 9. Nxe2 Nc6 10. a3 e5 11. Be3 f5 12. g3 Be7
13. b4 Rd8 14. O-O O-O 15. h4 Bf6 16. Kg2 Nd4 17. Nxd4 exd4 18. Bf4 Rfe8 19.
Rfe1 Kf7 20. a4 Ke6 21. f3 Kd5 22. Bc7 Rd7 23. Bd6 Be7 24. fxe4+ fxe4 25. c3 d3
26. c4+ Kd4 27. Bf4 Rdd8 28. Rc1 Bf6 29. Kf2 h5 30. c6 bxc6 31. Bd2 Ke5 32.
Bc3+ Kf5 33. Ke3 Kg4 34. Bxf6 gxf6 35. Rg1 d2 36. Rcd1 Rd3+ 37. Ke2 Red8 38.
Rgf1 Rf3 39. Rxf3 exf3+ 40. Kf2 Rd4 41. b5 Rxc4 42. bxc6 Rxc6 43. Rxd2 Rc4 44.
a5 Re4 45. a6 Re2+ 46. Rxe2 fxe2 47. Kxe2 Kxg3 48. Ke3 0-1

[Event "22e tournoi d'automne"]
[Site "Montigny le Bretonneux"]
[Date "2024.10.24"]
[Round "6.8"]
[White "Benhadid, Jeilynn"]
[Black "Viot Le Henaff, Francois-Xavier"]
[Result "1-0"]
[WhiteElo "1768"]
[BlackElo "1605"]
[Annotator "Rivier,Sylvain"]
[PlyCount "65"]
[EventDate "2024.??.??"]
[WhiteTeam "C.E. de  Bois-Colombes"]
[BlackTeam "Reims Echec et Mat"]

{Défense Nimzo-indienne} 1. d4 Nf6 2. c4 e6 3. Nc3 Bb4 4. f3 d5 5. a3 Bxc3+ 6.
bxc3 Nbd7 7. cxd5 exd5 8. e3 O-O 9. Bd3 Re8 10. Ne2 Nb6 11. O-O Nc4 12. e4 Nb6
13. e5 Nfd7 14. f4 c5 15. f5 cxd4 16. cxd4 Nf8 17. Qe1 Bd7 18. Qg3 f6 19. e6
Bc6 20. Nf4 Re7 21. Nh5 Kh8 22. Bd2 a5 23. Bf4 Nc8 24. Rab1 Qe8 25. Qg4 h6 26.
Rf3 Nh7 27. Rg3 Qf8 28. Be3 Ng5 29. Nf4 Qe8 30. Ng6+ Kh7 31. Bxg5 hxg5 32. Rh3+
Kg8 33. Rh8# 1-0

[Event "22e tournoi d'automne"]
[Site "Montigny le Bretonneux"]
[Date "2024.10.24"]
[Round "6.9"]
[White "Carroll, John"]
[Black "Salagnac, Sowan"]
[Result "0-1"]
[WhiteElo "1754"]
[BlackElo "1299"]
[Annotator "Rivier,Sylvain"]
[PlyCount "40"]
[EventDate "2024.??.??"]
[WhiteTeam "Club du Canal St-Martin Paris"]
[BlackTeam "Saint-Quentin en Yvelines"]

{Défense Caro-Kann, variante d'échange} 1. e4 c6 2. d4 d5 3. exd5 cxd5 4. c4
Nf6 5. Nc3 Nc6 6. Nf3 Bf5 7. cxd5 Nxd5 8. Bb5 Qa5 9. Qb3 e6 10. Ne5 Rc8 11. O-O
Nxc3 12. bxc3 Bd6 13. Re1 O-O 14. Nxc6 bxc6 15. Bc4 Rb8 16. Qd1 Qxc3 17. Be3
Qxc4 18. d5 cxd5 19. Bxa7 Ra8 20. Be3 Rxa2 0-1

[Event "22e tournoi d'automne"]
[Site "Montigny le Bretonneux"]
[Date "2024.10.24"]
[Round "6.10"]
[White "Tanchoux, Pierre"]
[Black "Rajewski, Alexandre"]
[Result "0-1"]
[WhiteElo "1527"]
[BlackElo "1920"]
[Annotator "Rivier,Sylvain"]
[PlyCount "120"]
[EventDate "2024.??.??"]
[WhiteTeam "La Dame Noire"]
[BlackTeam "Villepreux "]

{Début Réti, attaque est-indienne} 1. Nf3 d5 2. g3 c5 3. Bg2 Nc6 4. O-O e5 5.
d3 f6 6. e4 d4 7. c3 Bd6 8. cxd4 cxd4 9. a3 Be6 10. Nbd2 Nge7 11. b4 a6 12. Bb2
O-O 13. Rc1 Rc8 14. Nc4 Bc7 15. h4 h6 16. Nh2 Qd7 17. Rc2 f5 18. f3 b5 19. Nd2
a5 20. bxa5 Nxa5 21. Qe2 Bd6 22. Rfc1 Rxc2 23. Rxc2 Rc8 24. Rxc8+ Qxc8 25. Qd1
g6 26. Qc1 Nec6 27. Bh3 Qf8 28. Qf1 Bxa3 29. Ba1 Bd6 30. g4 f4 31. g5 Qe7 32.
Bxe6+ Qxe6 33. gxh6 Qf6 34. Qh3 Bf8 35. Ng4 Qe6 36. h5 Kh7 37. Kg2 Nb4 38.
hxg6+ Qxg6 39. Kf1 Qe6 40. Qh5 Nbc6 41. Qg5 Qf7 42. Nf6+ Kh8 43. Ng4 Bd6 44.
Qf6+ Qxf6 45. Nxf6 b4 46. Ke1 b3 47. Kd1 Ba3 48. Nc4 Nxc4 49. dxc4 b2 50. Bxb2
Bxb2 51. Kc2 Ba3 52. Kb3 Bf8 53. Kc2 Bxh6 54. Kd3 Bf8 55. Nd5 Nb4+ 56. Nxb4
Bxb4 57. Ke2 Kg7 58. Kf1 d3 59. Kf2 Kf7 60. Kf1 Ke6 0-1